Pokémon with 1 Move - Statistics

General Stats
  • This quiz has been taken 22 times
    10 since last reset
  • The average score is 7 of 10
Answer Stats
Possible Move Pokémon % Correct
Harden Metapod
100%
Teleport Abra
89%
Transform Ditto
89%
Harden Kakuna
89%
Sketch Smeargle
89%
Harden Silcoon
78%
Harden Cascoon
67%
Hidden Power Unown
56%
Take Down Beldum
44%
Struggle Bug Blipbug
22%
No matching quizzes found
Score Distribution
Percent of People with Each Score
Percentile by Number Answered
Your Score History
You have not taken this quiz since the last reset